Quizzes
Events
Quiz Creation
Community
Videos
Private Events
Remove Ads
Sign In
Join for FREE
Feedback
Dark Mode
Quiz Categories
Sports
Geography
Music
Movies
Television
Just For Fun
Miscellaneous
History
Literature
Language
Science
Gaming
Entertainment
Religion
Holiday
For Kids
Quiz Lab
Recent
Popular Today
Quiz Kudos Today
Editor Picks
Curator Picks
Quizzes by...
Day
Popularity
Type
Ratings
Length
Year
Community
Subscriptions
Recent Discussions
Orange Saloon
Badges
Playlists
Quests
Create
Leaderboards
Showdown
Live 5
Trivia Bingo
Activity
Puzzle Library
Sporcle Events
Private Events
Virtual Trivia
Globe League
Become a Host
Pub Owners
SporcleCon
Opinionation
Our Games
Videos
Blog
Mobile Apps
Partnerships
Remove Ads and Go Orange
Feedback
Music
Pop Music
The Beatles
Song
Album
Lyrics
Bands
Singers
Artist
Clip
Rock
Rap
Classical
Billboard
Country Music
Kpop
Taylor Swift
Music
Pop Music
The Beatles
Song
Album
Lyrics
Bands
Singers
Artist
Clip
Rock
Rap
Classical
Billboard
Country Music
Kpop
Taylor Swift
Random Quiz
Search Sporcle
×
Quiz Lab
Quiz Lab
Music
Song
Type in answers that appear in a list
Type in answers that appear in a list
Classic
Best Score? Go Orange.
Peter Gabriel Songs Stats
Can you name the Peter Gabriel Songs from all albums including B-sides?
By
canwetakearide
20m
164 Questions
399 Plays
399 Plays
399 Plays
Comments
Comments
Give Quiz Kudos
Give Quiz Kudos
-
- Ratings
hide this ad
Replay
Link that replays current quiz
Next Quiz
Link to next quiz in quiz playlist
You Got
0%
They Got
Avg Score
56%
Avg Friend Score
Upgrade to see
Score Distribution
Jump to the score distribution portion of the page
Score
0/164
Timer
20:00
0
Plays Today
% Correct
Solsbury Hill
96.2%
Sledgehammer
96.2%
Red Rain
95%
In Your Eyes
93.7%
Biko
93.2%
Games Without Frontiers
92.7%
Don't Give Up
92.7%
Big Time
92.2%
Here Comes The Flood
91.5%
Shock The Monkey
90.2%
Intruder
90%
Steam
90%
Mercy Street
88.7%
Digging In The Dirt
88.5%
San Jacinto
88%
D.I.Y.
86.7%
Family Snapshot
85.5%
Come Talk To Me
85.2%
Kiss That Frog
85.2%
I Don't Remember
83.5%
Moribund the Burgermeister
83.2%
Secret World
81.7%
This Is the Picture (Excellent Birds)
81.5%
Blood of Eden
81.5%
The Rhythm Of The Heat
81%
Humdrum
80.7%
The Family And The Fishing Net
79.2%
The Barry Williams Show
79.2%
Wallflower
78.9%
Washing Of The Water
78.7%
No Self Control
78.4%
I Have The Touch
78.4%
We Do What We're Told (Milgram's 37)
78.4%
On The Air
76.7%
Excuse Me
76.2%
That Voice Again
75.9%
Heroes
75.4%
Down The Dolce Vita
74.7%
Downside-Up
73.9%
Fourteen Black Paintings
73.7%
Growing Up
72.9%
Modern Love
72.7%
Kiss Of Life
72.4%
Shakin' The Tree
72.4%
Zaar
71.7%
Lay Your Hands On Me
70.7%
Love To Be Loved
69.4%
White Shadow
69.2%
The Boy In The Bubble
68.4%
And Through The Wire
67.7%
Mother Of Violence
67.4%
Start
67.4%
Passion
67.4%
Only Us
67.2%
Darkness
67.2%
% Correct
Father, Son
66.7%
Slowburn
65.4%
Waiting For The Big One
65.4%
A Wonderful Day In A One-Way World
65.4%
Not One Of Us
65.2%
Lovetown
64.7%
Flotsam And Jetsam
64.4%
Home Sweet Home
64.4%
Animal Magic
64.2%
The Story Of Ovo
64.2%
My Body Is A Cage
64.2%
Street Spirit (Fade Out)
64.2%
Slow Marimbas
63.9%
Sky Blue
63.2%
Lead A Normal Life
62.9%
Exposure
62.4%
Indigo
61.4%
I Grieve
61.4%
Perspective
61.2%
The Tower That Ate People
60.4%
Mirrorball
59.4%
Signal To Noise
59.1%
Philadelphia
58.9%
The Book Of Love
58.4%
Across The River
57.6%
More Than This
57.4%
A Different Drum
56.4%
The Drop
56.1%
I Go Swimming
54.9%
Flume
54.4%
Animal Nation
53.9%
Strawberry Fields Forever
53.4%
Après Moi
53.1%
The Nest That Sailed The Sky
51.6%
No Way Out
51.6%
Birdy's Flight
51.4%
The Rabbit-Proof Fence
51.4%
Stigmata
50.9%
White Ashes
50.9%
Low Light
49.9%
The Time Of The Turning
48.6%
Make Tomorrow
48.6%
Open
48.4%
Party Man
48.4%
Revenge
47.6%
The Heat
47.4%
The Feeling Begins
47.4%
Of These, Hope
47.4%
My Head Sounds Like That
47.4%
At Night
47.1%
Slow Water
47.1%
Cloudless
46.9%
The Power Of The Heart
46.9%
Down To Earth
46.9%
Troubled
46.6%
% Correct
I Think It's Going To Rain Today
46.6%
In Doubt
45.6%
Listening Wind
45.1%
The Time Of The Turning (Reprise)/The Weavers Reel
44.4%
Floating Dogs
44.1%
Lazarus Raised
44.1%
Of These, Hope (Reprise)
43.1%
Bread And Wine
42.9%
Taboo
42.6%
Gethsemane
41.6%
Quiet And Alone
40.9%
With This Love
40.4%
Under Lock And Key
39.3%
The Man Who Loved The Earth/The Hand That Sold Shadows
39.3%
Jigalong
39.3%
Soft Dog
39.1%
Sandstorm
37.6%
It Is Accomplished
37.6%
That'll Do
37.6%
Close Up
36.8%
Out Out
36.8%
Powerhouse At The Foot Of The Mountain
36.6%
With This Love (Choir)
36.6%
Nocturnals
36.3%
Burn You Up, Burn You Down
35.6%
Curtains
35.6%
Disturbed
35.1%
Sketch Pad With Trumpet And Voice
34.8%
Dressing The Wound
34.1%
Wall Of Breath
32.8%
Stealing The Children
32.6%
The Return (Parts 1, 2 And 3)
31.8%
Before Night Falls
31.3%
Quiet Steam
31.3%
Unlocking The Door
30.6%
The Promise Of Shadows
30.3%
Shosholoza
29.6%
Walk Through the Fire
27.3%
Don't Break This Rhythm
26.6%
Go Away Mr Evans
25.8%
While The Earth Sleeps
25.8%
On The Map
25.6%
The Tracker
25.1%
Gracie's Recapture
24.1%
Crossing the Salt Pan
24.1%
When You're Falling
23.8%
Running To The Rain
23.6%
Whole Thing
23.3%
A Sense Of Home
22.3%
A Quiet Moment
21.8%
Moodoo's Secret
21.1%
Bashi-Bazouk
21.1%
Ngankarrparni (Sky Blue - Reprise)
19.8%
Different Stories, Different Lives
19%
Quiz Playlist
Details
Report
Send in Message
Add To Playlist
Classic:
Type in answers that appear in a list
Quiz Source
Last Updated: Feb 16, 2017
Quiz Scoreboard
CHALLENGE
Sign Up to Join the Scoreboard
Show All
Scores
Hide
Comments
May contain spoilers
Recently Published
One Thing in Common: World Cities II
by knightlancer
Geography
7m
Popular People in 1961
by mucciniale
History
6m
1-10 Letter E Words III
by El_Dandy
Language
2m
More to Explore
Quiz From the Vault
Featured Blog Post
Where Did the Easter Bunny Come From?
hide this ad
You Might Also Like...
Tags
Album Quiz
Song Quiz
Gabriel
Peter
Peter Gabriel
Single
Today's Top Quizzes in Music
Browse Music
hide this ad
Today's Top Quizzes in Song
Browse Song
Top Contributed Quizzes in Music
1
Taylor Swift All Songs (2024)
2
2010s Album by Cover III
3
One Thing in Common: Music
4
Taylor Swift Logic Puzzle
5
Guess the Artist- 70s Songs
6
2010s Album by Cover IV
7
Guess the Taylor Swift song (Mystery Song)
8
2010s Album by Cover V
9
Lana Del Rey Discography (BTD to DYKTTATUOB)
10
2010s Album by Cover VI
Explore More
Trending Topics
Crossword
NBA
Disney
Harry Potter
Kpop
Anime
Marvel
WWE
NFL
Country
Soccer
Pokémon
Song
The Office
Puzzle
hide this ad
More By:
canwetakearide
Quiz
Plays
Rating
Category
Featured
Created
Depeche Mode songs
6,048
4.92
Music
Apr 19, 2010
Peter Gabriel Songs
399
4.50
Music
May 17, 2010
Peter Gabriel albums
321
5.00
Music
Apr 18, 2010
Go to Creator's Profile
Score Distribution
Quiz Creator Spotlight
canwetakearide
Follow
Send a Message
Quizzes Created
-
Created Quiz Play Count
-
More By This Creator
Popular Quizzes Today
1
Find the US States - No Outlines Minefield
2
Find the Countries of Europe - No Outlines Minefield
3
The Countries of the World
4
Popular People in 1961
5
1-10 Letter E Words III
6
Find the US States
7
One Thing in Common: World Cities II
8
US States
More Music Quizzes
Guess Kpop Song by the Emoji (2022)
Quiz Lab
Trending Quizzes
Risky Map Clicking: Least Populous States A-Z
1-10 Letter F Words
1-10 Letter G Words
One Thing in Common: United Kingdom
Risky Map Clicking: Biggest States A-Z
Recently Updated
Leaping Animals
pecheneg
Reality TV Shows (A-Z)
bhenderson79
Rickey Henderson's Hall of Fame Teammates
pecheneg
Champions League XIs: Arsenal
pecheneg
Quick Pick: Celebrities in WWE's Hall of Fame
aduchscher
A-Z Keypad Blitz II
pecheneg
Multiple Oscar Actors
pecheneg
Mystery Phrase Blitz: Oscar 'Best Actors'
pecheneg
F. Scott Fitzgerald Novels
LTH
Pick 3 Villains
ddd62291
Trending Topics
Anime
Disney
NBA
Kpop
Marvel
Harry Potter
Crossword
NFL
Song
Country
Puzzle
The Office
Pokémon
WWE
Soccer
Your Account Isn't Verified!
In order to create a playlist on Sporcle, you need to verify the email address you used during registration. Go to your
Sporcle Settings
to finish the process.
Report this User
Report this user for behavior that violates our
Community Guidelines
.
Details:
Send Report
Go to the Sporcle.com Mobile Site →
Comments